000 01330nam a22002177a 4500
005 20210325191242.0
008 s2539 th tha d
041 _atha
090 _aว HD8039.F67 ส769ก 2539
100 0 _aสุดาศิริ วศวงศ์
245 1 0 _aการคุ้มครองแรงงานประมงทะเลในประเทศไทย : ศึกษาเฉพาะกรณีการประกิจการประมงทะเลซึ่งขอรับใบอนุญาตประกอบการที่จังหวัดระยอง
260 3 _aกรุงเทพฯ :
_bจุฬาลงกรณ์มหาวิทยาลัย,
_c2539
300 _a197 หน้า :
_b ภาพประกอบ, ตาราง ;
_c 29 ซม.
650 0 4 _aประมงทะเล -- การจ้างงาน -- วิจัย
650 0 4 _aแรงงานประมงทะเล -- กฎหมายและระเบียบข้อบังคับ -- วิจัย
650 0 4 _aแรงงานในการประมง -- วิจัย
850 _aNALT
942 _cRSH
997 _c000000000027878
_kVC
998 _aนางสาวสายฝน ดีงาม
999 _c27878
_d27878